| 000 | 00990nam a2200217 i 4500 | ||
|---|---|---|---|
| 001 | 157090 | ||
| 003 | ES-MaACL | ||
| 005 | 20250824074922.0 | ||
| 008 | 040809s1882 sp |||| | spa d | ||
| 100 | 1 |
_aLarra y Wetoret, Luis Mariano de, _d1830-1901 _970289 |
|
| 245 | 1 | 0 |
_aBoccaccio _b: zarzuela en tres actos y en verso / _cpor Luis Mariano de Larra ; imitación de la ópera-cómica alemana de Camilo Walzel y Ricardo Genée ; música de Franz de Suppé. |
| 260 |
_aMadrid : _b[Hijos de A. Gullón editores], _c1882 ( _fImp. de Cosme Rodríguez) |
||
| 300 |
_a103 p. ; _c21 cm. |
||
| 490 | 1 | _aEl teatro : colección de obras dramáticas y líricas | |
| 500 | _aRepresentada en el Teatro de la Zarzuela el 12 de diciembre de 1882. | ||
| 596 | _aEd. y mención de serie tomadas de cub. | ||
| 700 | 1 |
_aSuppé, Franz de. _9108806 |
|
| 830 | 0 | 3 |
_aEl teatro: colección de obras dramática y líricas _9221753 |
| 852 |
_aES-MaACL _jD-818 _z- Rust. |
||
| 999 |
_c157090 _d157090 |
||